ARRUPE JESUIT UNIVERSITY

CORONAVIRUS -STOP THE SPREAD - CLEAN,DISINFECT,COVER

Confronting skeptical challenges arising from the human embryo research debates (Record no. 129846)

MARC details
000 -LEADER
fixed length control field 00523nam a22001577a 4500
008 - FIXED-LENGTH DATA ELEMENTS--GENERAL INFORMATION
fixed length control field 190919b ||||| |||| 00| 0 eng d
050 ## - LIBRARY OF CONGRESS CALL NUMBER
Classification number SPC. DT1.T5 C559
100 ## - MAIN ENTRY--PERSONAL NAME
Personal name Chukwu, Chidube Joseph
9 (RLIN) 48163
245 ## - TITLE STATEMENT
Title Confronting skeptical challenges arising from the human embryo research debates
Statement of responsibility, etc Chidube Joseph Chukwu
260 ## - PUBLICATION, DISTRIBUTION, ETC. (IMPRINT)
Place of publication, distribution, etc Harare
Name of publisher, distributor, etc Arrupe College
Date of publication, distribution, etc 2013
300 ## - PHYSICAL DESCRIPTION
Extent iii, 130p. ;
Dimensions 31cm.
500 ## - GENERAL NOTE
General note Thesis
650 ## - SUBJECT ADDED ENTRY--TOPICAL TERM
Topical term or geographic name as entry element Bioethics
9 (RLIN) 35648
650 ## - SUBJECT ADDED ENTRY--TOPICAL TERM
Topical term or geographic name as entry element Embryology
General subdivision Ethical aspects
9 (RLIN) 48164
942 ## - ADDED ENTRY ELEMENTS (KOHA)
Source of classification or shelving scheme Library of Congress Classification
Item type SPC
Holdings
Withdrawn status Lost status Source of classification or shelving scheme Damaged status Not for loan Collection code Home library Current library Shelving location Date acquired Total Checkouts Full call number Barcode Date last seen Price effective from Koha item type
    Library of Congress Classification     SPECIAL Collection ARRUPE LIBRARY ARRUPE LIBRARY REFERENCE 19/09/2019   SPC. DT1.T50 C559 46600003005 19/09/2019 19/09/2019 SPC

 

Arrupe Library. PO Box MP320 Mt Pleasant, Harare, Zimbabwe
263 242 745411|librarian@aju.ac.zw